Capitales en su lengua nativa - Estadísticas

Estadísticas generales
  • Esta prueba ha sido intentada 2.594 veces
  • La puntuación promedio es 15 de 21
Estadísticas de respuestas
Nativa Español % Correcto
London Londres
100%
Praha Praga
97%
București Bucarest
96%
Nava Dehalī Nueva Delhi
94%
Moskva Moscú
93%
Athinai Atenas
92%
Beograd Belgrado
92%
Bayrūt Beirut
87%
Prishtinë Pristina
85%
Hà Nội Hanói
84%
Wien Viena
78%
København Copenhague
74%
Ar-Riyāḍ Riad
74%
Dimashq / Ash-Sham Damasco
65%
Pot Mosbi Port Moresby
53%
Errbaṭ Rabat
49%
Lefkosia Nicosia
47%
Baile Átha Cliath Dublin
29%
Krung Thep Bangkok
28%
Pòtoprens Puerto Príncipe
28%
Kaapstad Ciudad del Cabo
25%
No se encontraron pruebas coincidentes
Distribución de puntuación
Porcentaje de gente con cada puntuación
Porcentaje por número respondido
Historial de tus puntuaciones
No has intentado esta prueba.